El delito sexual en la legislación colombiana / (Registro nro. 5956)
[ vista simple ]
| 000 -LEADER | |
|---|---|
| fixed length control field | 00895nam a2200217Ia 4500 |
| 003 - CONTROL NUMBER IDENTIFIER | |
| control field | OSt |
| 005 - DATE AND TIME OF LATEST TRANSACTION | |
| control field | 20200909224604.0 |
| 008 - FIXED-LENGTH DATA ELEMENTS--GENERAL INFORMATION | |
| fixed length control field | 191128s1947 ck fr 001 0 spa d |
| 040 ## - CATALOGING SOURCE | |
| Original cataloging agency | CO-JMCR |
| Transcribing agency | CO-JMCR |
| 041 0# - LANGUAGE CODE | |
| Language code of text/sound track or separate title | spa |
| 082 04 - DEWEY DECIMAL CLASSIFICATION NUMBER | |
| Classification number | 364.153 / |
| Item number | A713d |
| Edition number | 23 |
| 100 1# - MAIN ENTRY--PERSONAL NAME | |
| Personal name | Arcila González, Antonio, |
| Relator term | autor |
| 9 (RLIN) | 10101 |
| 245 13 - TITLE STATEMENT | |
| Title | El delito sexual en la legislación colombiana / |
| Statement of responsibility, etc. | Antonio Arcila González |
| 260 ## - PUBLICATION, DISTRIBUTION, ETC. | |
| Place of publication, distribution, etc. | Bogotá : |
| Name of publisher, distributor, etc. | Ediciones Lex, |
| Date of publication, distribution, etc. | 1947 |
| 300 ## - PHYSICAL DESCRIPTION | |
| Extent | 223 páginas ; |
| Dimensions | 23 cm. |
| 500 ## - GENERAL NOTE | |
| General note | Incluye índice de autores. |
| 505 0# - FORMATTED CONTENTS NOTE | |
| Formatted contents note | El sexo -- La ley -- El concurso formal de los delitos -- El bien jurídico protegido en los delitos contra la libertad y el honor sexual -- La tutela jurídica en los delitos contra la familia -- De la querella |
| 650 14 - SUBJECT ADDED ENTRY--TOPICAL TERM | |
| Topical term or geographic name entry element | Delitos sexuales |
| General subdivision | legislación |
| Geographic subdivision | Colombia |
| 9 (RLIN) | 10102 |
| 650 14 - SUBJECT ADDED ENTRY--TOPICAL TERM | |
| Topical term or geographic name entry element | Violencia |
| General subdivision | sexual |
| Geographic subdivision | Colombia |
| 9 (RLIN) | 10103 |
| 942 ## - ADDED ENTRY ELEMENTS (KOHA) | |
| Source of classification or shelving scheme | Dewey Decimal Classification |
| Koha item type | Books |
| Withdrawn status | Lost status | Source of classification or shelving scheme | Damaged status | Not for loan | Collection code | Home library | Current library | Date acquired | Source of acquisition | Total Checkouts | Full call number | Barcode | Date last seen | Date last checked out | Copy number | Koha item type |
|---|---|---|---|---|---|---|---|---|---|---|---|---|---|---|---|---|
| Dewey Decimal Classification | Non-fiction | Biblioteca Pública José María del Castillo y Rada | Biblioteca Pública José María del Castillo y Rada | 04/15/2018 | Donación | 2 | 364.153 / A713d | 430011281 | 05/13/2025 | 05/12/2025 | Ej.1 | Books |